Legendäre Mannschaften anhand der Nationen ihrer Spieler erkennen #1 - Statistiken

Allgemein
  • Dieses Quiz wurde 255 mal gespielt
  • Das Durchschnittsergebnis liegt bei 10 aus 12
Antwortstatistiken
Bildquiz Antwort % Korrekt
FC Barcelona 2014
98%
Real Madrid 2017
97%
FC Bayern 2020
95%
FC Liverpool 2018
95%
ManCity 2023
94%
FC Bayern 2012
90%
ManUnited 2007
85%
FC Chlesea 2006
84%
AC Mailand 2007
83%
FC Arsenal 2003
72%
Leicester City 2016
68%
Inter Mailand 2010
66%
Keine übereinstimmenden Quizze gefunden
Verteilung der Resultate
Anzahl Personen mit jedem Resultat
Perzentil nach korrekt beantworteten Fragen
Ihre Resultats-Entwicklung
Sie haben dieses Quiz noch nicht gespielt